Statistics for Flags of the Indian Ocean

Click here to take the quiz!

General Stats

  • This quiz has been taken 28 times
  • The average score is 28 of 36

Answer Stats

Answer% Correct
Israel
100%
Australia
92%
Iran
88%
Saudi Arabia
88%
Somalia
88%
Sri Lanka
88%
India
84%
Pakistan
84%
South Africa
84%
Bahrain
80%
Bangladesh
80%
Indonesia
80%
Iraq
80%
Kenya
80%
Malaysia
80%
Qatar
80%
Seychelles
80%
Singapore
80%
Tanzania
80%
Egypt
76%
Kuwait
76%
Thailand
76%
United Arab Emirates
76%
Yemen
76%
Comoros
72%
Oman
72%
Djibouti
68%
Jordan
68%
Madagascar
68%
Maldives
68%
Mauritius
68%
East Timor
64%
Eritrea
64%
Myanmar
64%
Sudan
64%
Mozambique
60%

Score Distribution

Percentile by Number Answered

Percent of People with Each Score

Your Score History

You have not taken this quiz